[Event "MAGISTRAL ALBERTO LOMBARDI 0 CMUN 2025"]
[Site "Rio de Janeiro"]
[Date "2025.10.06"]
[Round "3.1"]
[White "Santos Filho, Tadeu Sousa"]
[Black "Franca, Joao Vitor Da Silva"]
[Result "1-0"]
[WhiteElo "2034"]
[BlackElo "1845"]
[Annotator "Chessbase - SF 17.1"]
[PlyCount "59"]
[EventDate "2025.??.??"]

{[%evp 0,59,38,28,49,51,86,53,55,38,37,14,37,22,36,30,48,43,46,60,60,47,47,41,46,27,20,20,18,0,5,45,244,252,246,118,147,88,154,158,172,194,180,165,165,179,230,273,283,136,170,155,221,215,219,196,277,288,288,312,930,934]} 1. e4 c5 2. Nf3 d6 3. d4 cxd4 4. Nxd4 Nf6 5. Bd3 e6 6. c4 Be7 7. Nc3 a6 8. Be3 Nbd7 9. O-O O-O 10. Rc1 (10. f3 Qc7 11. Rc1 b6 12. b4 Bb7 13. Nb3 Rac8 14. a4 Qb8 15. Kh1 Rfd8 16. Qe2 d5 17. exd5 exd5 18. Bg1 Bxb4 19. Nxd5 Nxd5 20. cxd5 Rxc1 21. Nxc1 Re8 22. Qa2 Nc5 23. Bxh7+ Kh8 24. Bb1 a5 {Vingris,M (2147)-Hernandez,A (2043) chess.com INT 2025 1-0 (51)}) 10... Qc7 $6 {Inaccuracy. Ne5 was best.} (10... Re8 11. a3 Bf8 12. Bb1 b6 13. Qe2 Bb7 14. Rfd1 Rc8 15. Bg5 Qc7 16. Ba2 Qb8 17. f3 d5 18. Bxf6 Nxf6 19. e5 Nh5 20. g4 Nf4 21. Qe3 f6 22. cxd5 fxe5 23. Nxe6 Rxe6 24. d6 Bxd6 25. b4 {Ljubojevic,L (2590)-Gheorghiu,F (2605) London 1980 EXT 1999 [ChessBase] ½-½ (42)}) (10... Ne5 11. Be2) 11. b3 b6 12. Qe2 $146 (12. Bb1 Bb7 13. f3 Rac8 14. Qd2 Qb8 15. Rfd1 Rfe8 16. Bf2 Nc5 17. Bc2 Bf8 18. Bh4 Ncd7 19. Nde2 Bc6 20. Nd4 Ba8 21. Kh1 Ne5 22. Rf1 Ng6 23. Bg5 h6 24. Be3 Ne5 25. Rfe1 d5 26. exd5 exd5 {Snuverink,J-Kuipers,E (2195) Leiden 1997 0-1 (50)}) (12. f3 Bb7 (12... Ne5 13. Be2 Bb7 14. Qd2 Rac8 15. Rfd1 Rfd8 16. Bf1 Nfd7 17. Qf2 Bf6 18. h3 Nc5 19. b4 Ncd7 20. f4 Ng6 21. f5 Ngf8 22. g4 h6 23. h4 Be5 24. g5 hxg5 25. hxg5 Re8 26. Bg2 Bxd4 {Polgar,J (2677)-Comp Fritz 5.32 Budapest 1999 ½-½ (65)}) 13. Qd2 Rac8 14. Qf2 Qb8 15. Rfd1 Bd8 16. Bf1 {½-½ (16) Hornych,C (2003)-Kornblum,H Mecklenburg VP 2005}) 12... Bb7 13. Bb1 Rac8 14. f4 Rfe8 15. g4 Red8 $4 {Blunder. g6 was best.} (15... g6 16. Qg2 Bf8 17. f5 Qd8 18. fxe6 fxe6 19. g5 Nh5 20. Bd3 Rc7 21. Be2) 16. g5 Ne8 17. Qg4 Bf8 18. h4 $6 {Inaccuracy. Nxe6 was best.} (18. Nxe6 fxe6 19. Qxe6+ Kh8 20. Nd5 Bxd5 21. exd5 Nef6 22. gxf6 Nxf6 23. Qh3 Qb7) 18... e5 $6 {Inaccuracy. d5 was best.} (18... d5 19. cxd5 Bc5 20. b4 Bxd4 21. Bxd4 Nf8 22. h5 exd5 23. e5 Ne6 24. Ne2) 19. Nf3 $6 {Inaccuracy. Nd5 was best.} (19. Nd5 Qb8 20. Nf5 Rc7 21. h5 Bxd5 22. exd5 b5 23. Nh4 e4 24. Qf5 Nc5) 19... exf4 20. Qxf4 Ne5 21. Nd5 $6 {Inaccuracy. h5 was best.} (21. h5 b5 22. Nd5 Bxd5 23. exd5 g6 24. cxb5 Qd7 25. b6 Rxc1 26. Rxc1 Qh3) 21... Bxd5 22. cxd5 Nxf3+ $2 {Mistake. Qd7 was best.} (22... Qd7 23. h5 Rxc1 24. Bxc1 f6 25. Qg3 fxg5 26. Bxg5 Rc8 27. Bd2 Be7 28. Nxe5) 23. Qxf3 Qb7 24. Qg4 $6 {Inaccuracy. Rc6 was best.} (24. Rc6 g6 25. Bd3 Bg7 26. Rxb6 Qe7 27. Rc6 Be5 28. Bxa6 Rb8 29. h5 Ng7) 24... b5 $6 {Inaccuracy. g6 was best.} (24... g6 25. h5 Bg7 26. Kg2 Rc7 27. Rxc7 Nxc7 28. a4 a5 29. Bd3 Na6 30. h6) 25. h5 g6 26. h6 b4 27. Bd3 Rc3 28. Rxc3 bxc3 29. Qf4 Rc8 $4 {Blunder. Rd7 was best.} (29... Rd7 30. Bd4 Qb4 31. Bc4 Re7 32. Rc1 c2 33. Kf1 a5 34. Rxc2 a4 35. Rf2) 30. Bxa6 {1-0 White wins. PRECISÃO: BRANCAS 92% PRETAS 82%} 1-0

[Event "MAGISTRAL ALBERTO LOMBARDI 0 CMUN 2025"]
[Site "Rio de Janeiro"]
[Date "2025.10.06"]
[Round "3.2"]
[White "Bezerra, Natacio Goncalves"]
[Black "De Moura Silva, Guilherme"]
[Result "1-0"]
[WhiteElo "1928"]
[BlackElo "1968"]
[Annotator "Chessbase - SF 17.1"]
[PlyCount "27"]
[EventDate "2025.??.??"]

{[%evp 0,27,28,25,28,-16,-7,4,4,-14,33,26,26,16,7,38,56,51,87,102,102,60,88,83,98,33,32,52,29999,-30000]} 1. d4 Nf6 2. c4 e6 3. Nf3 d5 4. g3 b6 5. Bg2 Bb7 6. cxd5 Nxd5 (6... Bxd5 7. O-O Nbd7 8. Nc3 Bb7 9. Qc2 Be7 10. Nb5 c5 11. dxc5 Be4 12. Qc3 Nxc5 13. b4 Na6 14. a3 Qd7 15. Nbd4 Rc8 16. Qe3 Qb7 17. Bb2 O-O 18. Rac1 Rfd8 19. h3 Nc7 20. Rfd1 Ncd5 21. Qb3 {Alekseev,E (2636)-Moiseenko,V (2528) Sochi 2016 ½-½}) 7. O-O c5 (7... Nd7 8. e4 N5f6 9. e5 Nd5 10. Ng5 Be7 11. Qh5 g6 12. Qh6 Bf8 13. Qh3 Qe7 14. Nc3 Nxc3 15. bxc3 Bxg2 16. Qxg2 Rb8 17. Qc6 Qd8 18. d5 h6 19. Nxf7 Kxf7 20. dxe6+ Kg7 21. exd7 Bc5 22. e6 {Amartuvshin,G (2411)-Erkhembayar,A (1868) Choibalsan MGL 2024 1-0 (66)}) 8. e4 $146 (8. Re1 cxd4 9. Qxd4 Qc7 10. Bd2 Nc6 11. Qa4 Bc5 12. Nc3 Nxc3 13. Bxc3 O-O 14. b4 Bd6 15. b5 Ne7 16. Rac1 Qb8 17. Red1 a6 18. Qd4 Nf5 19. Qxb6 Bc7 20. Qc5 Bd6 21. Qc4 axb5 22. Qxb5 Rxa2 {Diaz Nunez,A (2253)-Garcia Gomez,J (1782) Linares 2014 1-0 (33)}) (8. a3 Nc6 9. dxc5 Bxc5 10. b4 Be7 11. Bb2 Bf6 12. Qb3 a5 13. e4 Bxb2 14. Qxb2 Nf6 15. b5 Ne7 16. Nc3 Ng6 17. Rfd1 Qe7 18. e5 Nd7 19. Na4 O-O 20. Rxd7 Qxd7 21. Nxb6 Qd3 22. Nxa8 Bxf3 {Noutsos,S (1450)-Gikas,H (1902) Athens 2009 ½-½}) (8. dxc5 Bxc5 9. Ne5 O-O 10. Nc3 Nxc3 11. bxc3 Bxg2 12. Kxg2 Qc7 13. Nd3 Rd8 14. Qb3 Be7 15. Bf4 Qb7+ 16. Kg1 Na6 17. a4 Qe4 18. Qb5 Qxe2 19. Ne5 Qxb5 20. axb5 Nc5 21. Nc6 Rd7 22. Bb8 Bf6 {Maia,M (2165)-De Sousa,M (2165) Rio de Janeiro 1999 0-1 (69)}) 8... Nf6 9. d5 exd5 10. exd5 Qxd5 11. Re1+ Be7 12. Qe2 Nc6 13. Nh4 $2 {Mistake. Nc3 was best.} (13. Nc3 Qd7 14. Ne5 Nxe5 15. Bxb7 Qxb7 16. Qxe5 Kf8 17. h4 Rd8 18. Bf4 Ng4) 13... Nd4 $4 {Checkmate is now unavoidable. Qd7 was best.} (13... Qd7 14. Bxc6 Bxc6 15. Nf5 Ng8 16. Nxg7+ Kf8 17. Nh5 Re8 18. Nc3 h6 19. Be3) 14. Qxe7# {1-0 White wins. PRECISÃO: BRANCAS 88% PRETAS 52%} 1-0

[Event "MAGISTRAL ALBERTO LOMBARDI 0 CMUN 2025"]
[Site "Rio de Janeiro"]
[Date "2025.10.06"]
[Round "3.3"]
[White "Laba, Otavio De Souza"]
[Black "Lopes, Eduardo Moraes"]
[Result "0-1"]
[WhiteElo "1902"]
[BlackElo "1922"]
[Annotator "Chessbase - SF 17.1"]
[PlyCount "94"]
[EventDate "2025.??.??"]

{[%evp 0,60,28,28,51,51,48,36,14,28,31,20,-1,-11,-17,-4,9,-7,-20,-20,-20,-20,17,-16,-17,5,0,14,-2,-58,53,-52,-56,-141,-121,-117,-119,-120,-140,-140,-119,-144,-144,-124,-146,-150,-112,-107,-120,-90,-88,-94,-31,-30,-31,-76,-69,-69,-90,-114,-100,-132,-118]} 1. e4 c5 2. Nf3 e6 3. d3 Nc6 4. Nbd2 g6 5. g3 Bg7 6. Bg2 Nge7 7. O-O O-O 8. c3 d5 9. Re1 a5 10. a4 d4 11. Qc2 $6 {Inaccuracy. e5 was best.} (11. e5 Rb8) 11... dxc3 $2 {Mistake. e5 was best.} (11... e5) 12. bxc3 Nb4 $6 {Inaccuracy. b6 was best.} (12... b6 13. Nc4) 13. cxb4 Bxa1 14. b5 $146 (14. bxc5 Bg7 15. Nc4 Nc6 16. Nb6 Rb8 17. Bd2 e5 18. Rb1 Bg4 19. Ne1 Qe7 20. Qc3 Rfd8 21. Nc2 Be6 22. Kf1 f5 23. Ne3 f4 24. Ned5 Qf7 25. Ke1 Rf8 26. gxf4 exf4 27. Qc4 Ne5 28. Qb5 f3 {Alba Linero,E (2161)-Aguilera Lopez,A (2203) Madrid 2018 0-1 (65)}) 14... Bg7 15. Nc4 $6 {Inaccuracy. Qxc5 was best.} (15. Qxc5 e5 16. Ba3 Re8 17. Nc4 Be6 18. Nd6 Rc8 19. Qe3 Rc3 20. Bb2 Qxd6) 15... b6 16. Bg5 $4 {Blunder. g4 was best.} (16. g4 f6) 16... f6 17. Be3 e5 18. Nfd2 Be6 19. f4 Qc7 20. fxe5 fxe5 21. Nf3 h6 22. Qc3 Bxc4 $6 {Inaccuracy. Rad8 was best.} (22... Rad8 23. Bc1 Bxc4 24. Qxc4+ Kh7 25. Rd1 Nc8 26. h4 Qd7) 23. Qxc4+ Kh7 24. d4 Rxf3 $2 {Mistake. exd4 was best.} (24... exd4) 25. Bxf3 exd4 26. Bf4 Qd7 27. h4 $6 {Inaccuracy. e5 was best.} (27. e5 Rf8 28. e6 Qd8 29. Be4 Bf6 30. Kg2 Bg5 31. Be5 Bf6) 27... Rf8 28. e5 Qh3 29. Qe2 $6 {Inaccuracy. Bg2 was best.} (29. Bg2 Qg4) 29... h5 30. Qe4 $6 {Inaccuracy. Be4 was best.} (30. Be4 Rxf4) 30... Nf5 $6 {Inaccuracy. Bh6 was best.} (30... Bh6 31. Qb7 Qe6 32. Re4 d3 33. Qc7 Rc8 34. Qd6 Qxd6 35. exd6 Nf5 36. d7) 31. Bg2 Qg4 32. Bf3 $4 {Blunder. Kh2 was best.} (32. Kh2 Nxh4 33. e6 Nxg2 34. Kxg2 Qf5 35. Qc6 Qc2+ 36. Kf1 Qd3+ 37. Kf2 h4) 32... Qh3 $4 {Blunder. Nxg3 was best.} (32... Nxg3) 33. Bg2 Qg4 34. Bf3 $4 {Blunder. Kh2 was best.} (34. Kh2 Nxh4) 34... Nxg3 35. Bxg4 Nxe4 36. Rxe4 hxg4 37. e6 c4 38. e7 Re8 39. Kf2 Kg8 40. Bg5 Kf7 41. Rxg4 Ke6 42. Bc1 $2 {Mistake. Kf3 was best.} (42. Kf3 Be5 43. Ke4 d3 44. Rg2 Bc3 45. Ke3 Kd5 46. Rg4 Be5 47. Kd2 Bd4) 42... Rxe7 43. Rxg6+ Bf6 44. Kf3 Kf7 45. Rg4 Re1 46. Bg5 Bxg5 47. hxg5 c3 {0-1 Black wins. PRECISÃO: BRANCAS 852% PRETAS 91%} 0-1

[Event "MAGISTRAL ALBERTO LOMBARDI 0 CMUN 2025"]
[Site "Rio de Janeiro"]
[Date "2025.10.09"]
[Round "4.1"]
[White "Bezerra, Natacio Goncalves"]
[Black "Santos Filho, Tadeu Sousa"]
[Result "1/2-1/2"]
[WhiteElo "1926"]
[BlackElo "2023"]
[Annotator "Chessbase - SF 17.1"]
[PlyCount "160"]
[EventDate "2025.??.??"]

{[%evp 0,160,19,30,72,70,70,48,38,18,35,29,27,37,24,34,32,32,32,9,2,11,27,6,60,77,111,105,100,100,97,105,136,105,124,132,124,122,127,116,117,117,117,105,105,108,129,112,115,125,80,101,101,38,45,58,72,55,231,-10,241,24,74,74,49,29,40,39,32,25,25,30,29,18,51,27,40,26,64,28,63,56,146,92,120,120,120,59,45,22,18,18,39,29,85,97,128,126,194,128,128,128,133,131,130,123,77,15,17,19,19,19,17,0,0,1,0,0,0,0,32,1,97,104,143,169,233,4,4,4,4,4,4,4,4,4,4,4,4,3,3,3,3,0,0,0,3,3,3,3,3,3,3,3,3,0,0,0,0,0,3,3,3]} 1. Nf3 f5 2. d4 Nf6 3. c4 e6 4. g3 Bb4+ 5. Bd2 Bxd2+ 6. Nbxd2 b6 7. Bg2 Bb7 8. O-O O-O 9. Qb3 a5 $146 (9... Ne4 10. Rfd1 d6 11. Qe3 Qe7 12. Ng5 d5 13. Ngxe4 fxe4 14. f3 c5 15. fxe4 cxd4 16. Qxd4 e5 17. Qd3 d4 18. Nf3 Nc6 19. a3 a5 20. Rac1 Qc5 21. Bh3 Bc8 22. Bxc8 Raxc8 23. Kg2 Rf6 24. Rf1 {Hohn,A (2065)-Weigelt,R (1826) Berlin 2009 ½-½ (48)}) (9... Qe7 10. Rad1 d6 11. d5 e5 12. e4 g6 13. Rfe1 Nbd7 14. exf5 gxf5 15. Nd4 Nc5 16. Nxf5 Qe8 17. Qf3 Bc8 18. b4 Bxf5 19. Qxf5 Ncd7 20. Qe6+ Kh8 21. Qxe8 Raxe8 22. Bh3 h5 23. Kg2 Rf7 24. Bxd7 {Holm,R (2104)-Kalveus,J (1773) Helsingor 2016 1-0 (43)}) (9... Nc6 10. Rfd1 Qe8 11. e3 Qh5 12. Nf1 Ne7 13. Qd3 g5 14. Ne1 Be4 15. Qd2 Rf7 16. f3 Bb7 17. Nd3 Rg7 18. Nf2 Rf8 19. Rac1 Qg6 20. Qd3 h5 21. e4 fxe4 22. fxe4 Qf7 23. Rd2 h4 24. e5 {Benderev,Y-Bochvarov,I Sofia 1945 1-0 (44)}) 10. Rfd1 a4 11. Qc2 Ne4 $6 {Inaccuracy. Qe7 was best.} (11... Qe7 12. a3) 12. Ne5 d5 13. cxd5 exd5 14. Rac1 c6 15. Nxe4 fxe4 16. f3 exf3 17. exf3 Rf6 18. Bh3 Bc8 19. Qg2 $6 {Inaccuracy. Bxc8 was best.} (19. Bxc8 Qxc8 20. Kg2 Ra5 21. h4 Rd6 22. b4 axb3 23. axb3 Rb5 24. Ra1 Nd7) 19... Bxh3 20. Qxh3 Ra7 21. Rc3 Re7 22. f4 Rc7 23. Rdc1 Qd6 24. a3 $6 {Inaccuracy. Qh5 was best.} (24. Qh5 Rf8 25. Qd1 b5 26. Kg2 Rfc8 27. Qe2 h6 28. Re3 Re8 29. f5 Rce7) 24... c5 25. Qh5 Rf8 26. Rd1 c4 27. Re3 Re7 28. Rde1 Rfe8 $4 {Blunder. Nc6 was best.} (28... Nc6 29. Nxc6) 29. Qg5 $4 {Blunder. Nf7 was best.} (29. Nf7 Qd7 30. Ng5 Rxe3 31. Qxh7+ Kf8 32. Qh8+ Ke7 33. Rxe3+ Kd8 34. Rxe8+ Qxe8) 29... Qf6 $4 {Blunder. Nc6 was best.} (29... Nc6 30. Ng4 h6 31. Qh5 Kh7 32. Rxe7 Rxe7 33. Rxe7 Nxe7 34. Ne5 c3 35. Qe2) 30. Qh5 $4 {Blunder. Qxf6 was best.} (30. Qxf6 gxf6 31. Nxc4 Nc6 32. Rxe7 Nxe7 33. Nxb6 Kf7 34. Nxa4 Rg8 35. Nc3 h5) 30... g6 $6 {Inaccuracy. Nc6 was best.} (30... Nc6) 31. Qf3 Qd6 32. Qg4 $6 {Inaccuracy. f5 was best.} (32. f5 Nd7) 32... Kg7 $4 {Blunder. Nc6 was best.} (32... Nc6) 33. Kg2 $2 {Mistake. f5 was best.} (33. f5 h5) 33... Nc6 34. Qd1 b5 35. Qd2 Nd8 $2 {Mistake. b4 was best.} (35... b4 36. h4 b3 37. h5 gxh5 38. Rh1 Nxe5 39. dxe5 Qb6 40. Rd1 Kh8 41. Qd4) 36. h4 $6 {Inaccuracy. Rf3 was best.} (36. Rf3 Rf8 37. f5 Kg8 38. Ref1 Nc6 39. f6 Re6 40. Ng4 Kh8 41. Re3 Qd7) 36... Ne6 $2 {Mistake. h5 was best.} (36... h5 37. Rf1 Qf6 38. Qb4 Ne6 39. Nxg6 Kxg6 40. f5+ Kh6 41. fxe6 Qg6 42. Rf2) 37. Nf3 $6 {Inaccuracy. Rf3 was best.} (37. Rf3) 37... Nd8 38. Ne5 Nf7 39. Qf2 $6 {Inaccuracy. h5 was best.} (39. h5) 39... Nh6 $2 {Mistake. Nxe5 was best.} (39... Nxe5) 40. g4 Ng8 $6 {Inaccuracy. Kg8 was best.} (40... Kg8 41. Qf3) 41. Rf3 $2 {Mistake. h5 was best.} (41. h5 b4 42. axb4 Nf6 43. hxg6 hxg6 44. Rh3 Qxb4 45. Re2 Kg8 46. Qh4 Nh7) 41... Rf8 $6 {Inaccuracy. Nf6 was best.} (41... Nf6 42. f5 Ne4 43. f6+ Nxf6 44. Rf1 Nd7 45. Rf7+ Kh8 46. h5 Qe6 47. Rf4) 42. f5 gxf5 43. Rxf5 $6 {Inaccuracy. Rf1 was best.} (43. Rf1) 43... Rxf5 44. Qxf5 $6 {Inaccuracy. gxf5 was best.} (44. gxf5) 44... Qf6 45. Rf1 Qxf5 46. Rxf5 Rb7 $4 {Blunder. Nh6 was best.} (46... Nh6 47. Rg5+ Kf8 48. Rh5 Kg7) 47. g5 Re7 $2 {Mistake. Ra7 was best.} (47... Ra7 48. h5) 48. Kf3 h6 49. Nc6 $4 {Blunder. Ke2 was best.} (49. Ke2 hxg5 50. hxg5 Rc7 51. Kd2 c3+ 52. bxc3 Kh7 53. Nd3 Ne7 54. Rf6 Nc8) 49... Rf7 $6 {Inaccuracy. Rc7 was best.} (49... Rc7 50. Ne5 hxg5 51. hxg5 b4 52. axb4 a3 53. bxa3 c3 54. Nd3 c2 55. Nc1) 50. Kf4 hxg5+ 51. hxg5 Rd7 52. Ke5 $2 {Mistake. Nb4 was best.} (52. Nb4) 52... Ne7 53. Nxe7 Rxe7+ 54. Kxd5 Re2 55. Kc6 Rxb2 56. Rc5 b4 57. Rxc4 bxa3 58. Rxa4 a2 59. Ra5 Kf7 60. d5 Ke7 61. Ra7+ Kd8 $4 {Blunder. Kf8 was best.} (61... Kf8 62. g6 Rc2+ 63. Kd6 Rd2 64. g7+ Kg8 65. Kc5 Rc2+ 66. Kd4 Rd2+) 62. g6 Rg2 63. d6 $4 {Blunder. g7 was best.} (63. g7 Rxg7 64. Ra8+ Ke7 65. Rxa2 Rg1 66. d6+ Kf7 67. d7 Rc1+ 68. Kd6 Rd1+) 63... Rc2+ 64. Kd5 Rg2 65. Ra8+ Kd7 66. Ra7+ Kd8 67. Kc6 Rc2+ 68. Kd5 Rg2 69. g7 Rxg7 70. Rxa2 Rg1 71. Ra4 Rd1+ 72. Rd4 Rh1 73. Re4 Rd1+ 74. Ke6 Rh1 75. Re5 Rh6+ 76. Kd5 Rh1 77. Rf5 Rd1+ 78. Kc6 Rc1+ 79. Rc5 Rh1 80. Rc4 Rh2 {1/2-1/2 wins. PRECISÃO: BRANCAS 82% PRETAS 82%} 1/2-1/2

[Event "MAGISTRAL ALBERTO LOMBARDI 0 CMUN 2025"]
[Site "Rio de Janeiro"]
[Date "2025.10.09"]
[Round "4.2"]
[White "Franca, Joao Vitor Da Silva"]
[Black "Bastos Pinto, Selmo"]
[Result "0-1"]
[WhiteElo "1845"]
[BlackElo "2066"]
[Annotator "Chessbase - SF 17.1"]
[PlyCount "66"]
[EventDate "2025.??.??"]

{[%evp 0,66,30,43,41,52,91,118,64,55,55,32,75,36,75,62,62,49,113,57,59,12,35,0,41,23,31,31,35,-24,20,-23,-55,-51,-53,-53,-38,-68,-68,-73,-72,-91,-76,-80,0,-67,-12,-45,-36,-45,-36,-36,-27,-37,-27,-27,0,-27,1,0,81,16,36,28,0,0,0,0,0]} 1. e4 c5 2. Nf3 d6 3. d4 cxd4 4. Nxd4 Nf6 5. Nc3 a6 6. Be2 e6 7. O-O Be7 8. Be3 b5 $2 {Mistake. Nc6 was best.} (8... Nc6 9. a4) 9. a3 $4 {Blunder. Bf3 was best.} (9. Bf3 b4) 9... Bb7 10. f3 O-O 11. Qd2 (11. Qe1 Nbd7 12. a4 b4 13. Na2 d5 14. Nxb4 dxe4 15. Nbc6 Qe8 16. fxe4 Nxe4 17. Nxe7+ Qxe7 18. Nb3 Rac8 19. Na5 Ba8 20. c4 Ne5 21. b4 Rfd8 22. Ra3 Rb8 23. c5 Qc7 24. Bxa6 Ng4 25. Bf4 e5 {Terao,J (2243)-Almeida Junior,A (2045) Florianopolis BRA 2023 1-0 (35)}) 11... Nc6 12. Nxc6 Bxc6 13. Rad1 $146 (13. Rfd1 Qc7 14. Rac1 Rfc8 15. Bf1 Rab8 16. Ne2 d5 17. exd5 Nxd5 18. Bf2 Ba8 19. Nd4 Bd6 20. h3 Bf4 21. Qd3 Bxc1 22. Rxc1 Rd8 23. Qe2 Rbc8 24. c3 Qf4 25. Qe1 h6 26. Bd3 Rd7 27. Bb1 Rcd8 {Iro,C (2077)-Blohberger,F (2467) Playchess.com INT 2020 0-1 (32)}) 13... Qc7 14. Qd3 Rfd8 15. Bd4 e5 16. Bf2 d5 17. exd5 Nxd5 18. Nxd5 Bxd5 19. Qe3 Qxc2 20. Rd2 Qc7 21. Bd3 f6 $6 {Inaccuracy. g6 was best.} (21... g6 22. h4 Be6 23. h5 Rd7 24. Rc2 Qd8 25. Be4 Rc8 26. Rxc8 Qxc8 27. Re1) 22. Bf5 Bf7 23. Rc2 Qd6 24. Rfc1 g6 25. Be4 Bd5 26. Rc7 Bf8 27. h3 Bxe4 28. Qxe4 Be7 $6 {Inaccuracy. f5 was best.} (28... f5 29. Qh4) 29. Qb7 Bf8 $4 {Blunder. Rab8 was best.} (29... Rab8 30. Qa7 Ra8 31. Qb7) 30. Rxh7 $4 {Blunder. Bc5 was best.} (30. Bc5 Qd5 31. Bxf8 Kxf8 32. Qxd5 Rxd5 33. Rxh7 Kg8 34. Rcc7 f5 35. Rcg7+ Kf8) 30... Qd5 31. Qxd5+ Rxd5 32. Rcc7 Re8 33. Rhf7 Re6 {0-1 Black wins. PRECISÃO: BRANCAS 86% PRETAS 86%} 0-1

[Event "MAGISTRAL ALBERTO LOMBARDI 0 CMUN 2025"]
[Site "Rio de Janeiro"]
[Date "2025.10.09"]
[Round "4.3"]
[White "Lopes, Eduardo Moraes"]
[Black "Frolov, Ivan"]
[Result "1/2-1/2"]
[WhiteElo "1913"]
[BlackElo "2059"]
[Annotator "Chessbase - SF 17.1"]
[PlyCount "148"]
[EventDate "2025.??.??"]

{[%evp 0,99,30,41,39,16,27,-17,12,13,13,3,22,17,34,11,11,25,32,5,10,5,13,-7,10,13,10,3,-5,0,-8,-5,-5,-8,1,-3,25,8,8,-26,5,-13,17,52,42,59,51,70,75,73,90,87,94,103,100,94,106,122,132,-138,-138,-143,-137,-135,-135,-135,-143,-138,-141,-141,-141,-170,-156,-165,-141,-155,-153,-153,-122,-153,-86,-86,-62,-86,-66,-67,-67,-99,-52,-100,-85,-100,-80,-78,-72,-102,-81,-56,-56,-49,-49,-170]} 1. e4 e5 (1... c5 2. Nf3 Nc6) 2. Nf3 Nc6 3. Bc4 Bc5 4. d3 Nf6 5. Nc3 h6 6. h3 a6 7. a4 d6 8. Be3 Nd4 (8... Bxe3 9. fxe3 Be6 10. b3 O-O 11. O-O d5 12. exd5 Nxd5 13. Qd2 Nxc3 14. Qxc3 Qd6 15. Nd2 f5 16. Bxe6+ Qxe6 17. Qc4 Qxc4 18. bxc4 e4 19. d4 f4 20. Rxf4 Rxf4 21. exf4 Nxd4 22. Nxe4 Ne2+ 23. Kf2 {Carlsen,M (2865)-Vidit,S (2727) Wijk aan Zee 2022 ½-½ (51)}) (8... Qe7 9. Bxc5 dxc5 10. Nd5 Nxd5 11. Bxd5 Nd4 12. Nd2 c6 13. Ba2 Be6 14. a5 O-O 15. O-O Rad8 16. Bxe6 Qxe6 17. Nc4 Kh7 18. c3 Nb5 19. Qg4 Qxg4 20. hxg4 f6 21. Rfd1 Rd7 22. Kf1 Rfd8 23. Ke2 {Perez Gormaz,M (2381)-Ilgaz,Y (2183) chess.com INT 2025 1-0 (59)}) 9. Nd5 $146 (9. Na2 Bd7 10. a5 Be6 11. Bxd4 Bxd4 12. Nxd4 Bxc4 13. Nf5 g6 14. dxc4 gxf5 15. exf5 Qd7 16. Qf3 e4 17. Qf4 Qa4 18. O-O Qxc4 19. Nc3 O-O-O 20. Ra4 Qc6 21. Nxe4 Nd5 22. Qh4 Qxc2 23. Rd4 Rhe8 {Horcicka,J (1560)-Bunic,E (1758) Trogir 2020 0-1 (63)}) (9. O-O Be6 10. Bxe6 fxe6 11. Bxd4 Bxd4 12. Nxd4 exd4 13. Ne2 e5 14. c3 dxc3 15. bxc3 c6 16. Qb3 Qe7 17. Rab1 O-O-O 18. Qc4 d5 19. exd5 Rxd5 20. Rb6 Rc5 21. Qb4 Nd5 22. Rxb7 Nxb4 23. Rxe7 Nxd3 {Lagarde,M (2584)-Quilter,T (2162) Katowice POL 2022 1-0 (44)}) 9... Nxd5 10. Bxd5 O-O 11. O-O c6 12. Ba2 Nxf3+ 13. Qxf3 Qb6 14. Bxc5 Qxc5 15. c3 Be6 16. Bxe6 fxe6 17. Qe3 Rf7 18. Rfe1 Raf8 19. Re2 Qa5 20. d4 Rf4 21. b4 Qd8 22. dxe5 dxe5 23. Rd2 Qf6 24. f3 Qg6 25. Kh2 h5 26. Rad1 Kh7 27. Rd8 R8f6 $6 {Inaccuracy. Rxd8 was best.} (27... Rxd8) 28. Rb8 h4 29. Rdd8 $4 {Blunder. Qe1 was best.} (29. Qe1 Qg5) 29... Qg3+ 30. Kh1 $4 {Blunder. Kg1 was best.} (30. Kg1 Rxf3 31. Rh8+ Kg6 32. Rh6+ gxh6 33. Rg8+ Kh5 34. Rxg3 Rxe3 35. Rxe3 Kg5) 30... Rxf3 31. Rh8+ Kg6 32. Rh6+ gxh6 33. Rg8+ Kh7 $2 {Mistake. Kh5 was best.} (33... Kh5 34. Rxg3 Rxe3 35. Rxe3 Rf1+ 36. Kh2 Kg5 37. Rd3 Kf4 38. Rd7 Kxe4 39. Rxb7) 34. Rxg3 Rxg3 $6 {Inaccuracy. Rxe3 was best.} (34... Rxe3 35. Rxe3 Rf1+ 36. Kh2 Rd1 37. Rf3 Kg7 38. a5 Re1 39. Rd3 Rxe4 40. Rd7+) 35. Qc5 Rf1+ 36. Kh2 Rf7 37. c4 Rfg7 38. Qf2 Kg8 39. Kg1 Rxh3 40. Qf6 Rhg3 41. Qxe6+ Kh7 42. Qf5+ R3g6 43. Kf1 Kh8 44. Qc8+ Kh7 45. Qf5 b6 46. b5 cxb5 47. cxb5 axb5 48. axb5 Kh8 49. Qxe5 Rxg2 50. Qb8+ $4 {Blunder. Qh5 was best.} (50. Qh5 R2g6 51. Qxh4 Rf7+ 52. Ke2 Rgf6 53. Kd3 Kh7 54. Kc3 Rd6 55. Qh5 Re7) 50... Kh7 51. Qf4 R2g4 $2 {Mistake. h3 was best.} (51... h3) 52. Qf5+ R4g6 53. e5 $2 {Mistake. Ke2 was best.} (53. Ke2 h3) 53... Re7 $4 {Blunder. h3 was best.} (53... h3 54. Ke2 h2 55. Qb1 Kh8 56. Qf1 Rg5 57. Ke3 Rxe5+ 58. Kd2 Rh5 59. Qh1) 54. e6 $6 {Inaccuracy. Qh3 was best.} (54. Qh3 Kg7 55. Qxh4 Rxe5 56. Qd4 Rge6 57. Kg2 Kf7 58. Qd7+ Kg6 59. Qd3+ Re4) 54... Kg7 55. Qe5+ Rf6+ 56. Kg2 Rexe6 57. Qc7+ Rf7 58. Qd8 Ref6 59. Qd4 Kg6 60. Qg4+ Kh7 61. Qe4+ Rf5 62. Kh3 Kg7 63. Qd4+ R7f6 64. Qd7+ Kg6 65. Kxh4 $4 {Blunder. Qe8+ was best.} (65. Qe8+) 65... Rh5+ $4 {Blunder. Rf4+ was best.} (65... Rf4+) 66. Kg4 Rg5+ 67. Kh4 $4 {Blunder. Kh3 was best.} (67. Kh3) 67... Rf4+ 68. Kh3 Rff5 $2 {Mistake. Rgf5 was best.} (68... Rgf5) 69. Qe6+ Rf6 70. Qg8+ Kf5 71. Qd5+ Kf4 72. Qd4+ Kf5 73. Qd5+ Kg6 74. Qg8+ Kf5 {1/2-1/2 wins. PRECISÃO: BRANCAS 83% PRETAS 86%6} 1/2-1/2

[Event "MAGISTRAL ALBERTO LOMBARDI 0 CMUN 2025"]
[Site "Rio de Janeiro"]
[Date "2025.10.09"]
[Round "4.4"]
[White "Manzi, Luiz Antonio Bardar"]
[Black "Laba, Otavio De Souza"]
[Result "1-0"]
[WhiteElo "2058"]
[BlackElo "1902"]
[Annotator "Chessbase - SF 17.1"]
[PlyCount "77"]
[EventDate "2025.??.??"]

{[%evp 0,77,30,30,30,-9,15,24,33,15,21,19,26,7,33,32,24,50,60,10,49,22,46,17,40,35,33,20,29,10,85,84,80,78,80,93,89,70,67,81,242,256,295,307,382,371,370,353,436,423,423,353,354,348,362,408,374,381,417,396,398,399,402,407,458,339,343,331,388,377,387,375,412,392,446,488,520,458,617,758]} 1. Nf3 Nf6 2. g3 g6 3. d4 Bg7 4. Bg2 O-O 5. O-O d6 6. c4 c6 7. Nc3 Bf5 8. Re1 Ne4 9. Bd2 Nxc3 10. Bxc3 Be4 11. Qd2 d5 12. b3 Nd7 13. Rac1 Nf6 14. Qb2 $146 (14. cxd5 Qxd5 15. Red1 Rfe8 16. Qf4 Rad8 17. h4 h6 18. Rd2 Nh5 19. Qe3 Nf6 20. Qf4 Nh5 21. Qe3 Nf6 22. Qf4 Nh5 {½-½ (22) Nguyen Anh Dung (2440)-Bersamina,P (2425) Tarakan INA 2024}) 14... Qd7 $6 {Inaccuracy. a5 was best.} (14... a5 15. a4) 15. Ne5 Qd8 16. f3 Bf5 17. e4 Be6 18. exd5 cxd5 19. c5 h5 $4 {Blunder. a5 was best.} (19... a5 20. a3) 20. Nxg6 fxg6 21. Rxe6 Qc7 22. Rce1 Rf7 23. Qc2 Nd7 24. Rxe7 Rxe7 25. Rxe7 Qc6 26. Bh3 Nxc5 $6 {Inaccuracy. Nf8 was best.} (26... Nf8 27. Qe2 Kh8 28. b4 Qa4 29. Rxb7 Re8 30. Qd3 h4 31. Bf1 Qxa2 32. b5) 27. Rxg7+ Kxg7 28. dxc5+ Kh7 29. Bd4 Rf8 30. f4 Qe8 31. Bf1 Qe1 32. Qe2 Re8 33. Be5 Qc1 34. b4 a5 35. Qd3 Re7 36. a3 h4 37. gxh4 Qe1 38. b5 Re6 39. Qxd5 {1-0 White wins. PRECISÃO: BRANCAS 98% PRETAS 91%} 1-0